DARI MALAYA KE HIMALAYA / (Record no. 175709)

MARC details
000 -LEADER
fixed length control field 01270pam a2200361 i 4500
001 - CONTROL NUMBER
control field vtls000797321
003 - CONTROL NUMBER IDENTIFIER
control field PNM
005 - DATE AND TIME OF LATEST TRANSACTION
control field 20191229110802.0
008 - FIXED-LENGTH DATA ELEMENTS--GENERAL INFORMATION
fixed length control field 160222s2016 my o g 000 0 may
015 ## - NATIONAL BIBLIOGRAPHY NUMBER
National bibliography number M16-04422
020 ## - INTERNATIONAL STANDARD BOOK NUMBER
International Standard Book Number 9789671398203
Qualifying information paperback
Terms of availability RM22.00
039 #9 - LEVEL OF BIBLIOGRAPHIC CONTROL AND CODING DETAIL [OBSOLETE]
Level of rules in bibliographic description 201909231237
Level of effort used to assign nonsubject heading access points anis_o
Level of effort used to assign subject headings 201805030947
Level of effort used to assign classification fadzli
Level of effort used to assign subject headings 201804130807
Level of effort used to assign classification masliza
Level of effort used to assign subject headings 201803281039
Level of effort used to assign classification dayang
040 ## - CATALOGING SOURCE
Original cataloging agency BNM
Language of cataloging eng
Transcribing agency BNM
Modifying agency PNM
-- PPAK
Description conventions rda
049 ## - LOCAL HOLDINGS (OCLC)
Holding library klpmal
082 04 - DEWEY DECIMAL CLASSIFICATION NUMBER
Classification number 910.4
Edition number 23
090 00 - LOCALLY ASSIGNED LC-TYPE CALL NUMBER (OCLC); LOCAL CALL NUMBER (RLIN)
Classification number (OCLC) (R) ; Classification number, CALL (RLIN) (NR) 910.4
Feature heading MOH
Feature heading G
100 0# - MAIN ENTRY--PERSONAL NAME
Personal name Mohamad Jafri Ahmad,
Dates associated with a name 1985-
Relator term author,
-- editor.
245 10 - TITLE STATEMENT
Title DARI MALAYA KE HIMALAYA /
Statement of responsibility, etc. MOHAMAD JAFRI AHMAD ; Editor: Mohamad Jafri Ahmad
246 34 - VARYING FORM OF TITLE
Title proper/short title Dari Malaya ke Himalaya :
Remainder of title travelog jelajah pergunungan Annapurna
264 #1 - PRODUCTION, PUBLICATION, DISTRIBUTION, MANUFACTURE, AND COPYRIGHT NOTICE
Place of production, publication, distribution, manufacture [Kuala Rompin, Pahang] :
Name of producer, publisher, distributor, manufacturer MOHAMAD JAFRI AHMAD,
Date of production, publication, distribution, manufacture, or copyright notice [2016?]
300 ## - PHYSICAL DESCRIPTION
Extent 133 pages :
Other physical details colour photographs ;
Dimensions 22 cm
336 ## - CONTENT TYPE
Content type term text
Source rdacontent
337 ## - MEDIA TYPE
Media type term unmediated
Source rdamedia
338 ## - CARRIER TYPE
Carrier type term volume
Source rdacarrier
600 04 - SUBJECT ADDED ENTRY--PERSONAL NAME
Personal name Mohamad Jafri Ahmad,
Dates associated with a name 1985-
Form subdivision Anecdotes
650 10 - SUBJECT ADDED ENTRY--TOPICAL TERM
Topical term or geographic name entry element Travelers' writings, Malaysian
Topical term or geographic name entry element Mountaineering
Geographic subdivision Nepal
-- Annapurna
651 #0 - SUBJECT ADDED ENTRY--GEOGRAPHIC NAME
Geographic name Annapurna (Nepal)
General subdivision Description and travel
942 ## - ADDED ENTRY ELEMENTS (KOHA)
Source of classification or shelving scheme Dewey Decimal Classification
Koha item type Book
949 ## - LOCAL PROCESSING INFORMATION (OCLC)
6 1001363563
6 1001363564
6 1001363565
Holdings
Withdrawn Not for loan Current library Shelving location Date acquired Total Checkouts Full call number Barcode Date last seen Date last checked out Koha item type Total Renewals
    Perpustakaan Alor Setar Pinjaman Dewasa 12/01/2020 2 910.4 MOH A01626768 06/04/2025 16/03/2025 Book  
    Perpustakaan Awam Sungai Petani Pinjaman Dewasa 12/01/2020   910.4 MOH A01626769 12/01/2020   Book  
    Perpustakaan Baling Pinjaman Dewasa 12/01/2020 1 910.4 MOH A01626773 13/08/2024 02/07/2024 Book 1
    Perpustakaan Bandar Baharu Pinjaman Dewasa 12/01/2020   910.4 MOH A01626774 12/01/2020   Book  
    Perpustakaan Jitra Pinjaman Dewasa 12/01/2020 2 910.4 MOH A01626770 20/07/2025 11/05/2025 Book 1
    Perpustakaan Kulim Pinjaman Dewasa 12/01/2020   910.4 MOH A01626771 12/01/2020   Book  
    Perpustakaan Langkawi Pinjaman Dewasa 12/01/2020   910.4 MOH A01626772 12/01/2020   Book  
    Perpustakaan Merbok Pinjaman Dewasa 12/01/2020   910.4 MOH A01626775 12/01/2020   Book  
    Perpustakaan Yan Pinjaman Dewasa 12/01/2020   910.4 MOH A01626776 12/01/2020   Book